000 00257nam a22001217a 4500
003 SGT
082 _a823
_bELS
100 _aELSON JANE
245 _aHOW TO FLY WITH BROKEN WINGS
260 _aLONDON
_bHODDER PUB
_c2015
300 _a291
942 _2ddc
_cBK
999 _c33568
_d33568